[Event "Calvi Rapid Open 2019"]
[Site "Calvi"]
[Date "2019.05.18"]
[Round "3.4"]
[White "Cristofari, Antoine"]
[Black "Massoni, Michael"]
[Result "0-1"]
[WhiteElo "2037"]
[BlackElo "2339"]
[Annotator "NA"]
[PlyCount "73"]
[EventDate "2019.05.18"]
[EventType "rapid"]
[EventCountry "FRA"]
[SourceTitle "playchess.com"]
[Source "ChessBase"]
[SourceQuality "1"]
[TimeControl "600+3"]

1. e4 {[%emt 0:00:00]} c6 {[%emt 0:00:03]} 2. d4 {[%emt 0:00:02]} d5 {[%emt 0:00:02]} 3. exd5 {[%emt 0:00:01]} cxd5 {[%emt 0:00:11]} 4. Bd3 {[%emt 0:00:02]} Nc6 {[%emt 0:00:00]} 5. c3 {[%emt 0:00:09]} Nf6 {[%emt 0:00:06]} 6. Bf4 {[%emt 0:00:04]} Bg4 {[%emt 0:00:30]} 7. Qb3 {[%emt 0:00:02]} Qd7 {[%emt 0:00:19]} 8. Nd2 {[%emt 0:00:07]} e6 {[%emt 0:00:55]} 9. Ngf3 {[%emt 0:00:02]} Bd6 {[%emt 0:00:41]} 10. Bxd6 {[%emt 0:00:38]} Qxd6 {[%emt 0:00:02]} 11. O-O {[%emt 0:00:42]} O-O {[%emt 0:00:11]} 12. Rfe1 {[%emt 0:00:14]} Qc7 {[%emt 0:00:47]} 13. Ne5 {[%emt 0:00:32]} Nxe5 {[%emt 0:00:13]} 14. Rxe5 {[%emt 0:00:17]} a6 {[%emt 0:00:42]} 15. Qc2 {[%emt 0:00:26]} g6 {[%emt 0:00:33]} 16. Nf1 {[%emt 0:01:49]} Bf5 {[%emt 0:00:09]} 17. Bxf5 {[%emt 0:00:35]} gxf5 {[%emt 0:00:02]} 18. Re3 {[%emt 0:00:21]} Kh8 {[%emt 0:00:20]} 19. Rh3 {[%emt 0:00:25]} Rg8 {[%emt 0:00:31]} 20. Qd2 {[%emt 0:00:05]} Rg6 {[%emt 0:00:38]} 21. Rh6 {[%emt 0:00:23]} Ng4 {[%emt 0:00:59]} 22. Rxg6 {[%emt 0:00:07]} hxg6 {[%emt 0:00:14]} 23. f3 {[%emt 0:00:05]} Nf6 {[%emt 0:00:17]} 24. Qh6+ {[%emt 0:00:19]} Kg8 {[%emt 0:00:00]} 25. Re1 {[%emt 0:00:09]} b5 {[%emt 0:00:34]} 26. a3 {[%emt 0:00:47]} a5 {[%emt 0:00:06]} 27. Ng3 {[%emt 0:02:06]} Rb8 {[%emt 0:00:16]} 28. Ne2 {[%emt 0:00:06]} Nh5 {[%emt 0:00:27]} 29. g4 {[%emt 0:00:14]} fxg4 {[%emt 0:00:09]} 30. fxg4 {[%emt 0:00:22]} Nf6 {[%emt 0:00:02]} 31. h3 {[%emt 0:00:00]} Ne4 {[%emt 0:00:08]} 32. Rf1 {[%emt 0:00:21]} Qe7 {[%emt 0:00:21]} 33. Kg2 {[%emt 0:00:03]} b4 {[%emt 0:00:07]} 34. axb4 {[%emt 0:00:02]} axb4 {[%emt 0:00:01]} 35. Nf4 {[%emt 0:00:01]} Qg5 {[%emt 0:00:40]} 36. Qxg5 {[%emt 0:00:06]} Nxg5 {[%emt 0:00:02]} 37. Rc1 {[%emt 0:00:03]} 0-1

[Event "Calvi Rapid Open 2019"]
[Site "Calvi"]
[Date "2019.05.18"]
[Round "4"]
[White "Astaneh Lopez, Alex"]
[Black "Maurizzi, Marc' Andria"]
[Result "1-0"]
[WhiteElo "2430"]
[BlackElo "2184"]
[Annotator "TA"]
[PlyCount "53"]
[EventDate "2019.05.18"]
[EventType "rapid"]
[EventCountry "FRA"]
[SourceTitle "playchess.com"]
[Source "ChessBase"]
[SourceQuality "1"]

{[%evp 14,53,34,33,51,50,83,72,68,70,285,277,423,425,427,366,440,366,373,351,371,358,365,350,397,415,413,404,441,411,509,508,655,581,583,581,579,577,698,666,29987,29988]} 1. Nf3 Nf6 2. g3 g6 3. b3 Bg7 4. Bb2 d6 5. d4 O-O 6. Bg2 Nbd7 7. O-O c5 8. c4 Ne4 {E60: King's Indian: Unusual lines and Fianchetto Variation without Nc3} (8... cxd4 9. Nxd4 Nc5 10. Nc3 a6 11. Qd2 Rb8 12. Rfd1 Ne6 13. Nc2 b5 14. Nb4 Bb7 15. cxb5 axb5 16. Rac1 Bxg2 17. Kxg2 Qb6 18. Ncd5 Nxd5 19. Nxd5 Qb7 20. Rc6 Bxb2 21. Rb6 Qxd5+ {½-½ (21) Andreikin,D (2712)-Sachdev,T (2402) chess.com INT 2018}) 9. Nbd2 Ndf6 10. Nxe4 Nxe4 {White is better.} 11. Qc2 Bf5 $146 {[#]} ({Black should try} 11... Nf6 $14) ({Predecessor:} 11... Nf6 12. e4 Qb6 13. h3 Nd7 14. Rad1 a5 15. dxc5 Nxc5 16. Bxg7 Kxg7 {1-0 (33) Romanishin,O (2570)-Cerrajeria Ruiz,J (2235) Zaragoza 1998}) 12. g4 $1 $18 {[%mdl 512]} Nxf2 (12... Bxg4 $142 13. Qxe4 {[%mdl 64] Double Attack} Qd7) 13. gxf5 Ng4 14. Qd3 gxf5 15. h3 Nh6 16. Rab1 {[%cal Ba1b1,Bb1b2,Bb2d2,Bd2d7][%mdl 32]} e6 17. dxc5 dxc5 18. Qe3 Bxb2 19. Rxb2 Qf6 20. Rd2 f4 21. Qe5 Qg6 22. Qxf4 Nf5 23. Nh4 Nxh4 24. Qxh4 f5 25. Rd7 Kh8 26. Rf3 {Threatens to win with Rg3.} Rg8 {[%csl Gg8][%cal Rg6g2] [#]} 27. Rg3 $1 {[%mdl 512] Accuracy: White = 91%, Black = 11%.} 1-0

[Event "Calvi Rapid Open 2019"]
[Site "Calvi"]
[Date "2019.05.18"]
[Round "4"]
[White "Massoni, Michael"]
[Black "Podvin, Antoine"]
[Result "1-0"]
[WhiteElo "2344"]
[BlackElo "2167"]
[Annotator "NA"]
[PlyCount "73"]
[EventDate "2019.05.18"]
[EventType "rapid"]
[EventCountry "FRA"]
[SourceTitle "playchess.com"]
[Source "ChessBase"]
[SourceQuality "1"]
[TimeControl "600+3"]

1. d4 {[%emt 0:00:00]} Nf6 {[%emt 0:00:00]} 2. c4 {[%emt 0:00:01]} e6 {[%emt 0:00:00]} 3. Nf3 {[%emt 0:00:02]} Bb4+ {[%emt 0:00:02]} 4. Bd2 {[%emt 0:00:01]} Qe7 {[%emt 0:00:02]} 5. e3 {[%emt 0:00:03]} b6 {[%emt 0:00:02]} 6. a3 {[%emt 0:00:24]} Bxd2+ {[%emt 0:00:02]} 7. Nbxd2 {[%emt 0:00:01]} Bb7 {[%emt 0:00:02]} 8. Be2 {[%emt 0:00:02]} d6 {[%emt 0:00:02]} 9. O-O {[%emt 0:00:03]} Nbd7 {[%emt 0:00:02]} 10. b4 {[%emt 0:00:07]} a5 {[%emt 0:00:03]} 11. Rb1 {[%emt 0:00:08]} O-O {[%emt 0:00:04]} 12. Qc2 {[%emt 0:01:45]} axb4 {[%emt 0:00:07]} 13. axb4 {[%emt 0:00:02]} Ra7 14. Rfc1 Rfa8 {[%emt 0:00:33]} 15. h3 {[%emt 0:01:56]} h6 {[%emt 0:01:13]} 16. Bf1 {[%emt 0:00:10]} Ra2 {[%emt 0:00:21]} 17. Rb2 {[%emt 0:00:03]} Rxb2 {[%emt 0:00:15]} 18. Qxb2 {[%emt 0:00:02]} Ne4 {[%emt 0:00:13]} 19. Nxe4 Bxe4 {[%emt 0:00:01]} 20. Nd2 {[%emt 0:00:38]} Bg6 {[%emt 0:00:22]} 21. Be2 {[%emt 0:00:30]} e5 {[%emt 0:00:11]} 22. Bf3 {[%emt 0:00:01]} Ra4 {[%emt 0:00:53]} 23. Bc6 {[%emt 0:00:26]} Ra7 24. c5 {[%emt 0:00:44]} exd4 {[%emt 0:00:14]} 25. cxb6 {[%emt 0:00:30]} Nxb6 {[%emt 0:00:25]} 26. Qxd4 {[%emt 0:00:03]} Ra2 {[%emt 0:00:11]} 27. Nf3 {[%emt 0:00:15]} Kh7 {[%emt 0:00:42]} 28. e4 {[%emt 0:00:31]} Nd7 {[%emt 0:00:39]} 29. Bd5 {[%emt 0:00:06]} Re2 {[%emt 0:00:46]} 30. Rxc7 {[%emt 0:00:07]} Qd8 {[%emt 0:00:09]} 31. Qa7 {[%emt 0:01:42]} Nf6 {[%emt 0:01:26]} 32. Bxf7 {[%emt 0:00:08]} Bxe4 {[%emt 0:00:10]} 33. Bc4 {[%emt 0:00:04]} Bxf3 {[%emt 0:00:31]} 34. Bxe2 {[%emt 0:00:24]} Bxe2 {[%emt 0:00:09]} 35. Rxg7+ {[%emt 0:00:02]} Kh8 {[%emt 0:00:01]} 36. Rg6 {[%emt 0:00:02]} Qf8 {[%emt 0:00:20]} 37. Qd4 {[%emt 0:00:05]} 1-0

[Event "Calvi Rapid Open 2019"]
[Site "Calvi"]
[Date "2019.05.18"]
[Round "4"]
[White "Steil-Antoni, Fiona"]
[Black "Howell, David"]
[Result "0-1"]
[WhiteElo "2168"]
[BlackElo "2698"]
[Annotator "TA"]
[PlyCount "40"]
[EventDate "2019.05.18"]
[EventType "rapid"]
[EventCountry "FRA"]
[SourceTitle "playchess.com"]
[Source "ChessBase"]
[SourceQuality "1"]

{[%evp 9,40,26,54,53,90,37,66,53,47,35,53,37,28,0,9,0,14,-36,-45,-52,-41,-37,-22,-25,-19,-60,-77,-196,-178,-505,-490,-482,-481]} 1. e4 g6 2. d4 Bg7 3. Nf3 d6 4. Bd3 Nd7 5. Be3 (5. O-O e5 6. dxe5 dxe5 7. Re1 Nh6 8. Bc4 f6 9. b3 Nb6 10. Qxd8+ Kxd8 11. Bf1 Be6 12. a4 a5 {0-1 (58) Westerberg,J (2517)-Hillarp Persson,T (2546) Ronneby 2018}) 5... e6 6. Qd2 $146 {B06: Modern Defence} ({Predecessor:} 6. Nbd2 Ne7 7. Qe2 a6 8. O-O O-O 9. Nb3 b6 10. Ng5 h6 11. Nh3 Bb7 12. f4 c5 {0-1 (37) Achtnig,C (1709)-Koenig,F (1926) Berlin 2017}) 6... h6 7. c3 (7. c4 $16) 7... Ne7 8. Na3 {White is slightly better.} b6 9. O-O Bb7 10. Ne1 a6 11. f4 f5 12. e5 dxe5 13. dxe5 Nd5 $1 14. Bc4 Qe7 15. Nac2 Nc5 (15... g5 $5) 16. a4 g5 17. Nf3 gxf4 18. Bxf4 (18. Bf2 $17) 18... Ne4 $19 19. Qc1 $2 (19. Bxd5 Nxd2 20. Bxb7 Nxf3+ 21. Rxf3) 19... Qc5+ {[%mdl 64] [#] Double Attack} 20. Ncd4 Nxf4 {Accuracy: White = 21%, Black = 69%.} ({Weaker is} 20... Qxc4 21. Nxe6 Bf8 22. Nfd4 $19) 0-1

[Event "Calvi Rapid Open 2019"]
[Site "Calvi"]
[Date "2019.05.18"]
[Round "4"]
[White "Brethes, Francois"]
[Black "Petrosyan, Armen"]
[Result "1/2-1/2"]
[WhiteElo "2137"]
[BlackElo "2409"]
[Annotator "NA"]
[PlyCount "140"]
[EventDate "2019.05.18"]
[EventType "rapid"]
[EventCountry "FRA"]
[SourceTitle "playchess.com"]
[Source "ChessBase"]
[SourceQuality "1"]
[TimeControl "600+3"]

1. d4 {[%emt 0:00:00]} d5 {[%emt 0:00:00]} 2. Nf3 {[%emt 0:00:08]} Bf5 {[%emt 0:00:04]} 3. c4 {[%emt 0:00:08]} e6 {[%emt 0:00:02]} 4. Nc3 {[%emt 0:00:19]} c6 {[%emt 0:00:15]} 5. Bf4 {[%emt 0:00:20]} Bd6 {[%emt 0:01:12]} 6. Bxd6 {[%emt 0:00:26]} Qxd6 {[%emt 0:00:01]} 7. e3 {[%emt 0:00:33]} Nf6 {[%emt 0:00:23]} 8. Be2 {[%emt 0:00:16]} h6 {[%emt 0:00:10]} 9. Ne5 {[%emt 0:00:39]} Nbd7 {[%emt 0:02:57]} 10. Nxd7 {[%emt 0:02:58]} Qxd7 {[%emt 0:00:05]} 11. O-O {[%emt 0:00:06]} O-O {[%emt 0:00:07]} 12. Qb3 {[%emt 0:00:04]} Qc7 {[%emt 0:00:51]} 13. Bf3 {[%emt 0:00:03]} Qb6 {[%emt 0:00:39]} 14. Rfc1 {[%emt 0:02:02]} Rab8 {[%emt 0:01:16]} 15. Qxb6 {[%emt 0:00:34]} axb6 {[%emt 0:00:02]} 16. Na4 {[%emt 0:00:28]} Nd7 {[%emt 0:00:06]} 17. c5 {[%emt 0:00:10]} b5 {[%emt 0:00:05]} 18. Nc3 {[%emt 0:00:03]} Ra8 {[%emt 0:00:13]} 19. a3 {[%emt 0:00:02]} e5 {[%emt 0:00:34]} 20. Na2 {[%emt 0:00:13]} exd4 {[%emt 0:00:19]} 21. exd4 {[%emt 0:00:02]} Rfe8 {[%emt 0:00:02]} 22. Nb4 {[%emt 0:00:01]} Nf6 {[%emt 0:00:07]} 23. Re1 {[%emt 0:00:06]} Be4 {[%emt 0:00:06]} 24. Bxe4 {[%emt 0:00:25]} Nxe4 {[%emt 0:00:04]} 25. Re2 {[%emt 0:00:07]} Kf8 {[%emt 0:00:18]} 26. f3 {[%emt 0:00:11]} Ng5 {[%emt 0:00:06]} 27. Kf2 {[%emt 0:00:05]} Rxe2+ {[%emt 0:00:04]} 28. Kxe2 {[%emt 0:00:01]} Ne6 {[%emt 0:00:01]} 29. Rd1 {[%emt 0:00:17]} Re8 {[%emt 0:00:02]} 30. Kf2 {[%emt 0:00:01]} Nf4 {[%emt 0:00:07]} 31. Rd2 {[%emt 0:00:01]} g5 {[%emt 0:00:21]} 32. g3 {[%emt 0:00:02]} Ne6 {[%emt 0:00:01]} 33. Nc2 {[%emt 0:00:01]} Kg7 {[%emt 0:00:06]} 34. Re2 {[%emt 0:00:02]} Nc7 {[%emt 0:00:05]} 35. Rxe8 {[%emt 0:00:02]} Nxe8 {[%emt 0:00:01]} 36. Nb4 {[%emt 0:00:01]} f5 {[%emt 0:00:04]} 37. b3 {[%emt 0:00:00]} Kf6 {[%emt 0:00:05]} 38. Ke3 {[%emt 0:00:02]} Nc7 {[%emt 0:00:02]} 39. a4 {[%emt 0:00:02]} bxa4 40. bxa4 {[%emt 0:00:01]} Ne6 {[%emt 0:00:05]} 41. f4 {[%emt 0:00:06]} gxf4+ {[%emt 0:00:05]} 42. gxf4 {[%emt 0:00:01]} Kg6 {[%emt 0:00:04]} 43. a5 {[%emt 0:00:01]} Nc7 {[%emt 0:00:01]} 44. Kf3 {[%emt 0:00:10]} Kh5 {[%emt 0:00:03]} 45. Kg3 {[%emt 0:00:00]} Kg6 {[%emt 0:00:07]} 46. h3 {[%emt 0:00:06]} Kh5 {[%emt 0:00:02]} 47. Kf3 {[%emt 0:00:40]} Kh4 {[%emt 0:00:02]} 48. Kg2 {[%emt 0:00:04]} Ne6 {[%emt 0:00:04]} 49. a6 {[%emt 0:00:01]} bxa6 {[%emt 0:00:01]} 50. Nxc6 {[%emt 0:00:01]} Nxf4+ {[%emt 0:00:01]} 51. Kh2 {[%emt 0:00:10]} Ne6 {[%emt 0:00:02]} 52. Nb4 {[%emt 0:00:10]} Nxd4 {[%emt 0:00:06]} 53. c6 {[%emt 0:00:02]} Nb5 {[%emt 0:00:07]} 54. Nxd5 {[%emt 0:00:02]} a5 {[%emt 0:00:01]} 55. c7 {[%emt 0:00:02]} Nd6 {[%emt 0:00:02]} 56. Nb6 {[%emt 0:00:01]} Kg5 {[%emt 0:00:03]} 57. Kg3 {[%emt 0:00:02]} f4+ {[%emt 0:00:02]} 58. Kf3 {[%emt 0:00:02]} Kf5 {[%emt 0:00:01]} 59. c8=Q+ {[%emt 0:00:03]} Nxc8 60. Nxc8 a4 {[%emt 0:00:03]} 61. Nd6+ {[%emt 0:00:04]} Ke5 {[%emt 0:00:07]} 62. Nb5 {[%emt 0:00:01]} h5 {[%emt 0:00:03]} 63. h4 {[%emt 0:00:01]} Kf5 {[%emt 0:00:02]} 64. Na3 {[%emt 0:00:01]} Ke5 {[%emt 0:00:01]} 65. Nb5 {[%emt 0:00:08]} Kf5 {[%emt 0:00:03]} 66. Nd4+ {[%emt 0:00:03]} Ke5 {[%emt 0:00:03]} 67. Nc2 {[%emt 0:00:01]} Kf5 {[%emt 0:00:03]} 68. Nd4+ {[%emt 0:00:01]} Ke5 {[%emt 0:00:02]} 69. Nc2 {[%emt 0:00:01]} Kf5 {[%emt 0:00:03]} 70. Nd4+ {[%emt 0:00:00]} Ke5 {Ke4+} 1/2-1/2

[Event "Calvi Rapid Open 2019"]
[Site "Calvi"]
[Date "2019.05.18"]
[Round "5.1"]
[White "Howell, David W L"]
[Black "Massoni, Michael"]
[Result "1-0"]
[WhiteElo "2698"]
[BlackElo "2339"]
[Annotator "TA"]
[PlyCount "65"]
[EventDate "2019.05.18"]
[EventType "rapid"]
[EventCountry "FRA"]
[SourceTitle "playchess.com"]
[Source "ChessBase"]
[SourceQuality "1"]

{[%evp 17,65,33,57,27,43,53,40,32,80,45,65,39,91,61,52,44,74,72,93,86,103,86,112,78,137,84,150,150,156,150,157,158,150,149,178,159,202,183,181,175,178,174,182,179,168,177,506,502,1709,1666]} 1. d4 Nf6 2. Nf3 g6 3. b3 Bg7 4. Bb2 O-O 5. g3 c5 6. Bg2 cxd4 7. O-O Nc6 8. Nxd4 Qb6 9. c4 d6 10. e3 {E60: King's Indian: Unusual lines and Fianchetto Variation without Nc3} Bg4 11. Qd2 Rfd8 (11... Rfc8 12. Nc3 Qa5 13. h3 Bd7 14. Rfd1 Rab8 15. Qe2 a6 16. a3 Qd8 17. Rac1 Nxd4 18. exd4 {½-½ (39) Khairullin,I (2652)-Pavlovic,M (2481) Berlin 2015}) 12. Nc3 {White is slightly better.} a6 13. Rfe1 $146 ({Predecessor:} 13. Rac1) 13... e5 14. Nc2 Be6 (14... Qa5 $14) 15. Red1 Rac8 16. Rac1 Bh6 17. h3 Ne7 18. Ba3 Nf5 19. Kh2 Qc7 20. Nb4 Qa5 ({Black should try} 20... Ne7) 21. Qb2 ({White should play} 21. Nbd5 Nxd5 22. cxd5) 21... Qc7 (21... b5 $142) 22. Ncd5 $16 Bxd5 23. Nxd5 Nxd5 24. Rxd5 Bf8 25. Rcd1 h5 26. Qd2 Be7 27. Be4 Ng7 28. Bxd6 Bxd6 29. Rxd6 Ne6 30. Qd5 {Threatens to win with Bxg6!} Rxd6 31. Qxd6 {Strongly threatening Bxg6!} Qa5 $2 {[#]} (31... Kg7 {is tougher.} 32. Qxc7 Rxc7) 32. Bxg6 $1 $18 {[%mdl 512]} Rd8 {[#]} (32... Rc7 $142 33. Bf5 Qc5 34. Bxe6 Qxd6 35. Rxd6 fxe6 36. Rxe6 Rc5) (32... fxg6 33. Qxe6+) 33. Qe7 $1 {[%mdl 576] Double Attack. Accuracy: White = 75%, Black = 25%.} 1-0

[Event "Calvi Rapid Open 2019"]
[Site "Calvi"]
[Date "2019.05.18"]
[Round "5.2"]
[White "Bouslimi, Nabil"]
[Black "Astaneh Lopez, Alex"]
[Result "0-1"]
[WhiteElo "2083"]
[BlackElo "2430"]
[Annotator "TA"]
[PlyCount "86"]
[EventDate "2019.05.18"]
[EventType "rapid"]
[EventCountry "FRA"]
[SourceTitle "playchess.com"]
[Source "ChessBase"]
[SourceQuality "1"]

{[%evp 15,86,0,10,-4,16,9,6,2,0,-9,22,10,13,8,12,0,18,14,18,-4,37,21,14,5,23,9,6,0,38,30,42,47,29,-62,-59,-66,-56,-53,-73,-67,-30,-79,0,0,0,-22,-19,-23,-16,-16,-28,-65,-64,-196,-179,-173,-160,-149,-72,-128,-125,-214,-203,-291,-251,-527,-497,-1196,-1122,-29976,-5903,-29987,-29988]} 1. d4 Nf6 2. c4 e6 3. Nc3 Bb4 4. e3 O-O 5. Bd3 d5 6. cxd5 exd5 7. Nge2 c5 8. O-O Nc6 9. Bc2 {E48: Nimzo-Indian: Rubinstein: 5 Bd3 d5 including 6 Ne2, but excluding 6 a3} (9. a3 Bxc3 10. bxc3 Re8 11. Ng3 b6 12. f3 a5 13. Kh1 Ba6 14. Bxa6 Rxa6 15. Ra2 Ra7 16. a4 Rae7 17. Qb3 cxd4 18. cxd4 Nb4 19. Re2 Rc7 20. Ba3 {0-1 (40) Tregubov,P (2585)-Mareco,S (2635) Doha 2016}) 9... Bg4 $146 ({Predecessor:} 9... cxd4 10. exd4 Re8 11. Qd3 h6 12. Nf4 Ne7 13. Ba4 Bd7 14. Bb3 Bf5 15. Qb5 Bxc3 16. bxc3 g5 {0-1 (36) Chervinskiy,A-Vinogradnik,V Sevastopol 2000}) 10. f3 Bh5 11. a3 {The position is equal.} Bxc3 $1 12. bxc3 b6 13. Nf4 Bg6 14. Nxg6 hxg6 15. Qe2 Rc8 16. Bb2 Re8 17. Rad1 Qe7 18. Rfe1 cxd4 19. cxd4 Na5 {[%cal Bc6a5,Ba5c4,Bc4b2][%mdl 32]} 20. Ba4 Red8 21. e4 dxe4 22. fxe4 Nc4 23. Bb3 b5 24. Rd3 {[#]} (24. Bc1 $11) 24... Qxe4 $1 {[%mdl 512]} 25. Qxe4 Nxe4 26. Rxe4 {Threatens to win with Bc3.} Nxb2 27. Rf3 Rc7 28. Rh3 Nc4 ({Black should try} 28... g5 $17) 29. Reh4 $11 {[%csl Gh3][%cal Rh4h8]} Kf8 30. Re4 {[%cal Rh3h8]} f5 $36 {[%mdl 2048] Black is more active.} 31. Rh8+ Kf7 32. Rxd8 fxe4 {[%mdl 4096] Endgame KRB-KRN} 33. Kf2 Ke7 34. Rd5 (34. Rg8 $15) 34... Nxa3 $19 35. Re5+ Kd7 36. Rxe4 {[#]} Rc3 (36... a5 $142 $1 37. Bf7 a4 38. Bxg6 Rc2+ 39. Re2 Rxe2+ 40. Kxe2 Nc4) 37. Bf7 (37. Be6+ $142 Kd6 38. Bg8) 37... b4 $17 {[%cal Bb5b4,Bb4b3,Bb3b2][%mdl 32]} 38. Bxg6 {[#]} (38. Rg4 $17) 38... b3 $1 $19 39. Re1 (39. Bf5+ $142 Kd6 40. Re6+ Kd5 41. Ra6) 39... b2 40. Ke2 $2 (40. Bf5+ {is a better defense.} Kd6 41. Re6+ Kd5 42. Re7) 40... Rc1 {Strongly threatening ...Nc2.} 41. Bf5+ (41. Rf1 $142 Rxf1 42. Kxf1) 41... Kd6 42. h4 {[#]} Nc2 $1 {[%mdl 512]} 43. Bxc2 Rxc2+ {Accuracy: White = 17%, Black = 56%.} 0-1

[Event "Calvi Rapid Open 2019"]
[Site "Calvi"]
[Date "2019.05.18"]
[Round "5.3"]
[White "Petrosyan, Armen"]
[Black "Pieri, Pierre-Louis"]
[Result "1-0"]
[WhiteElo "2409"]
[BlackElo "2103"]
[Annotator "NA"]
[PlyCount "115"]
[EventDate "2019.05.18"]
[EventType "rapid"]
[EventCountry "FRA"]
[SourceTitle "playchess.com"]
[Source "ChessBase"]
[SourceQuality "1"]
[TimeControl "600+3"]

1. e4 {[%emt 0:00:00]} c5 {[%emt 0:00:00]} 2. Nf3 {[%emt 0:00:01]} e6 {[%emt 0:00:00]} 3. Nc3 {[%emt 0:00:02]} Nc6 {[%emt 0:00:01]} 4. Bb5 {[%emt 0:00:03]} Nd4 {[%emt 0:00:08]} 5. O-O {[%emt 0:00:08]} a6 {[%emt 0:00:33]} 6. Bd3 {[%emt 0:00:04]} Nc6 {[%emt 0:00:14]} 7. Re1 {[%emt 0:00:10]} g5 {[%emt 0:00:05]} 8. Kh1 {[%emt 0:00:13]} g4 {[%emt 0:00:16]} 9. Ng1 {[%emt 0:00:03]} h5 {[%emt 0:00:28]} 10. f4 {[%emt 0:01:09]} b5 {[%emt 0:01:21]} 11. e5 {[%emt 0:01:02]} Bb7 {[%emt 0:00:10]} 12. Be4 {[%emt 0:00:03]} Nh6 {[%emt 0:00:26]} 13. Nge2 {[%emt 0:00:15]} g3 {[%emt 0:02:01]} 14. h3 {[%emt 0:02:37]} c4 {[%emt 0:03:43]} 15. d4 {[%emt 0:00:41]} cxd3 {[%emt 0:00:01]} 16. Qxd3 {[%emt 0:01:03]} Bc5 {[%emt 0:00:34]} 17. Be3 {[%emt 0:00:44]} Nb4 {[%emt 0:00:28]} 18. Qd2 {[%emt 0:00:02]} Bxe3 {[%emt 0:00:07]} 19. Qxe3 {[%emt 0:00:02]} Nf5 {[%emt 0:00:11]} 20. Qc5 {[%emt 0:00:34]} Bxe4 {[%emt 0:00:05]} 21. Nxe4 {[%emt 0:00:01]} Nd5 {[%emt 0:00:04]} 22. N2xg3 {[%emt 0:00:29]} Rc8 {[%emt 0:00:00]} 23. Qf2 {[%emt 0:00:10]} Nxg3+ {[%emt 0:00:04]} 24. Qxg3 {[%emt 0:00:20]} Rxc2 {[%emt 0:00:04]} 25. Rac1 {[%emt 0:00:10]} Rxc1 {[%emt 0:00:03]} 26. Rxc1 {[%emt 0:00:01]} Kf8 {[%emt 0:00:01]} 27. Qg5 {[%emt 0:00:12]} Qxg5 {[%emt 0:00:05]} 28. fxg5 {[%emt 0:00:01]} Ke7 {[%emt 0:00:06]} 29. h4 {[%emt 0:00:05]} Ne3 {[%emt 0:00:03]} 30. Nf6 {[%emt 0:00:14]} Nf5 {[%emt 0:00:04]} 31. Rc7 {[%emt 0:00:08]} Rd8 {[%emt 0:00:03]} 32. g3 {[%emt 0:00:07]} Nxg3+ {[%emt 0:00:02]} 33. Kg2 {[%emt 0:00:03]} Nf5 {[%emt 0:00:00]} 34. Kh3 {[%emt 0:00:02]} Ne3 {[%emt 0:00:02]} 35. Nxh5 {[%emt 0:00:04]} Nc4 {[%emt 0:00:02]} 36. b3 {[%emt 0:00:06]} Nxe5 {[%emt 0:00:01]} 37. Nf6 {[%emt 0:00:02]} Kd6 {[%emt 0:00:03]} 38. Ra7 {[%emt 0:00:02]} Ke7 {[%emt 0:00:03]} 39. Kg3 {[%emt 0:00:06]} Kf8 {[%emt 0:00:03]} 40. h5 {[%emt 0:00:04]} d5 {[%emt 0:00:02]} 41. Kf4 {[%emt 0:00:03]} Nc6 {[%emt 0:00:05]} 42. Rc7 {[%emt 0:00:03]} Ne7 {[%emt 0:00:02]} 43. Ke5 {[%emt 0:00:09]} d4 {[%emt 0:00:02]} 44. Rd7 {[%emt 0:00:02]} Nc6+ {[%emt 0:00:05]} 45. Ke4 {[%emt 0:00:03]} Rxd7 {[%emt 0:00:08]} 46. Nxd7+ {[%emt 0:00:01]} Kg7 {[%emt 0:00:02]} 47. Nc5 {[%emt 0:00:06]} a5 {[%emt 0:00:02]} 48. a4 {[%emt 0:00:04]} bxa4 {[%emt 0:00:04]} 49. bxa4 {[%emt 0:00:01]} Kf8 {[%emt 0:00:05]} 50. Kd3 e5 51. Ke4 {[%emt 0:00:12]} Ke7 {[%emt 0:00:06]} 52. h6 {[%emt 0:00:05]} Kf8 {[%emt 0:00:01]} 53. Kd5 {[%emt 0:00:01]} d3 {[%emt 0:00:03]} 54. Nxd3 Nb4+ 55. Ke4 {[%emt 0:00:07]} Nxd3 {[%emt 0:00:08]} 56. Kxd3 {[%emt 0:00:00]} Kg8 {[%emt 0:00:02]} 57. Ke4 {[%emt 0:00:01]} Kh7 {[%emt 0:00:02]} 58. Kxe5 {[%emt 0:00:01]} 1-0

[Event "Calvi Rapid Open 2019"]
[Site "Calvi"]
[Date "2019.05.18"]
[Round "5.4"]
[White "Piscopo, Pierluigi"]
[Black "Brethes, Francois"]
[Result "0-1"]
[WhiteElo "2405"]
[BlackElo "2270"]
[Annotator "NA"]
[PlyCount "80"]
[EventDate "2019.05.18"]
[EventType "rapid"]
[EventCountry "FRA"]
[SourceTitle "playchess.com"]
[Source "ChessBase"]
[SourceQuality "1"]
[TimeControl "600+3"]

1. Nf3 {[%emt 0:00:00]} Nf6 {[%emt 0:00:04]} 2. g3 {[%emt 0:00:00]} d5 {[%emt 0:00:06]} 3. Bg2 {[%emt 0:00:02]} c6 {[%emt 0:00:01]} 4. d3 {[%emt 0:00:06]} Bg4 {[%emt 0:00:29]} 5. h3 {[%emt 0:00:24]} Bh5 {[%emt 0:00:14]} 6. Bf4 {[%emt 0:00:37]} Nbd7 {[%emt 0:00:05]} 7. Nbd2 {[%emt 0:00:15]} e6 {[%emt 0:00:24]} 8. O-O {[%emt 0:00:15]} Be7 {[%emt 0:00:02]} 9. c4 {[%emt 0:00:09]} O-O {[%emt 0:00:04]} 10. Qb3 {[%emt 0:00:05]} Qb6 {[%emt 0:00:25]} 11. g4 {[%emt 0:00:18]} Bg6 {[%emt 0:00:03]} 12. Rfc1 {[%emt 0:00:43]} Rfe8 {[%emt 0:00:03]} 13. a4 {[%emt 0:01:07]} dxc4 {[%emt 0:00:41]} 14. Qxc4 {[%emt 0:00:46]} a5 {[%emt 0:00:17]} 15. Qc2 {[%emt 0:00:46]} Nd5 {[%emt 0:01:22]} 16. Nc4 {[%emt 0:00:05]} Qa7 {[%emt 0:00:02]} 17. Bg3 {[%emt 0:00:15]} Bf6 {[%emt 0:00:28]} 18. Qb3 {[%emt 0:01:08]} Nc5 {[%emt 0:00:06]} 19. Qd1 {[%emt 0:00:23]} Rad8 {[%emt 0:01:13]} 20. Nfe5 {[%emt 0:00:18]} Nb4 {[%emt 0:00:21]} 21. Ra3 {[%emt 0:00:54]} Rd4 {[%emt 0:00:02]} 22. Nxg6 {[%emt 0:01:01]} hxg6 {[%emt 0:00:01]} 23. Nd6 {[%emt 0:00:00]} Rd8 {[%emt 0:00:08]} 24. Rxc5 {[%emt 0:00:29]} Qxc5 {[%emt 0:00:42]} 25. Nxb7 {[%emt 0:00:01]} Qc2 {[%emt 0:00:01]} 26. Ra1 {[%emt 0:00:11]} Qxd1+ {[%emt 0:01:29]} 27. Rxd1 {[%emt 0:00:01]} Ra8 {[%emt 0:00:02]} 28. Rc1 {[%emt 0:00:09]} Nd5 {[%emt 0:00:11]} 29. Rxc6 {[%emt 0:00:18]} Rxa4 {[%emt 0:00:03]} 30. Rd6 {[%emt 0:00:17]} Rb4 {[%emt 0:00:11]} 31. Rd7 {[%emt 0:00:06]} Rxb2 {[%emt 0:00:15]} 32. e4 {[%emt 0:00:11]} Nb6 {[%emt 0:00:26]} 33. Rc7 {[%emt 0:00:02]} Bd8 {[%emt 0:00:02]} 34. Nxd8 {[%emt 0:00:02]} Rxd8 {[%emt 0:00:02]} 35. Rb7 {[%emt 0:00:02]} Rxd3 {[%emt 0:00:24]} 36. Rb8+ {[%emt 0:00:09]} Kh7 {[%emt 0:00:01]} 37. e5 {[%emt 0:00:01]} a4 {[%emt 0:00:04]} 38. Rb7 {[%emt 0:00:04]} a3 {[%emt 0:00:05]} 39. Ra7 {[%emt 0:00:02]} a2 {[%emt 0:00:02]} 40. Kh2 {[%emt 0:00:04]} Rd1 {[%emt 0:00:02]} 0-1